Breve tratado sobre la soledad y el silencio o sobre la incomprensión
Salvato in:
| Autore principale: | |
|---|---|
| Natura: | Libro |
| Lingua: | spagnolo |
| Pubblicazione: |
Valparaíso
Sangria
2010
|
| Edizione: | 1a. ed |
| Soggetti: | |
| Tags: |
Aggiungi Tag
Nessun Tag, puoi essere il primo ad aggiungerne!!
|
MARC
| LEADER | 00000nam a2200000 a 4500 | ||
|---|---|---|---|
| 001 | UCG4145 | ||
| 003 | CL-VaPUC | ||
| 008 | 101007e20100600CL |||||||||||||||||spa|d | ||
| 082 | 0 | 4 | |a Ch861 |b TOR |2 21 |
| 100 | 0 | |a Toro Quezada, Edgardo |e author |9 553457 | |
| 245 | 1 | 0 | |a Breve tratado sobre la soledad y el silencio o sobre la incomprensión |
| 250 | |a 1a. ed | ||
| 300 | |a 40 p | ||
| 942 | |c BK | ||
| 945 | |d 20101007 00:00:00 |a mfarfan | ||
| 260 | |a Valparaíso |b Sangria |c 2010 | ||
| 650 | 0 | |a Poesía chilena |9 268403 | |
| 650 | 0 | |a Escritores chilenos |9 420370 | |
| 650 | 0 | |a Literatura chilena |9 308278 | |
| 583 | |a last modification |c 20150924 21:40:36 |k Rodrigo Vera | ||
| 999 | |c 342991 |d 342989 | ||
| 952 | |0 0 |1 0 |4 0 |6 CH_861_000000000000000_TOR_2010 |7 0 |8 A |9 439781 |a BIBEDU |b BIBEDU |d 2019-11-22 |i 4725220 |o Ch861 TOR 2010 |p 4725220 |r 2019-11-22 |w 2019-11-22 |y BK |k LIT | ||
| 952 | |0 0 |1 0 |4 0 |6 CH_861_000000000000000_TOR_2010 |7 0 |8 A |9 439782 |a BIBEDU |b BIBEDU |d 2019-11-22 |i 4725239 |o Ch861 TOR 2010 |p 4725239 |r 2019-11-22 |w 2019-11-22 |y BK |k LIT | ||
| 952 | |0 0 |1 0 |4 0 |6 CH_861_000000000000000_TOR_2010 |7 0 |8 A |9 439783 |a BIBEDU |b BIBEDU |d 2019-11-22 |i 4725247 |o Ch861 TOR 2010 |p 4725247 |r 2019-11-22 |w 2019-11-22 |y BK |k BME | ||
| 952 | |0 0 |1 0 |4 0 |6 CH_861_000000000000000_TOR_2010 |7 0 |8 A |9 439784 |a BIBEDU |b BIBEDU |d 2019-11-22 |i 4725255 |l 1 |o Ch861 TOR 2010 |p 4725255 |r 2024-04-22 |s 2024-04-22 |w 2019-11-22 |y BK |k BME | ||